000 00280nam a22001217a 4500
008 170830b xxu||||| |||| 00| 0 eng d
041 _aeng
080 _210 ED
_a070
100 _a39
101 _aMED
245 _aA SHORT HISTORY OF THE MOVIES
_cMAST.G
942 _2udc
_cBK
999 _c25575
_d25575